3rd international conference on new challenges in management and business conference proceedings : Dubai, UAE, 2 may, 2016

Salvato in:
Dettagli Bibliografici
Ente Autore: 3rd international conference on new challenges in management and business. International conference
Altri autori: Mohebbi, Hassan
Natura: Libro
Lingua:inglese
Pubblicazione: [Tehran] [Industrial Management Institute] 2016
Edizione:1st ed.
Soggetti:
Tags: Aggiungi Tag
Nessun Tag, puoi essere il primo ad aggiungerne!!

MARC

LEADER 00000nlm a2200000 4500
001 0219954
005 20240514121437.0
020 |a 978-600-7826-00-3 
041 0 |a eng 
044 |a IR 
245 1 0 |a 3rd international conference on new challenges in management and business  |b conference proceedings : Dubai, UAE, 2 may, 2016  |c executive editor: Hassan Mohebbi 
250 |a 1st ed. 
264 1 |a [Tehran]  |b [Industrial Management Institute]  |c 2016 
300 |a CD-ROM [107 s.] 
610 2 0 |a manažment 
610 2 0 |a manažment medzinárodný 
610 2 0 |a podnikanie 
610 2 0 |a podnikanie medzinárodné 
700 1 |a Mohebbi, Hassan 
110 2 |a 3rd international conference on new challenges in management and business. International conference